000 01135nac a22003137a 4500
001 BR7305634
003 BR-BrBNA
005 20240105113531.0
008 230509b bl.|||m| |||| 00| 0 por d
040 _aBR-BrBNA
_bpor
_cBiblioteca Nacional de Agricultura
072 _aL30
090 _a5300 BR7305634
100 1 _aPerdomo, C.C.
100 1 _aGaitan, J.A.
100 1 _aOliveira, J.A.V.
110 1 _aEmpresa Brasileira de Pesquisa Agropecuaria, Florianopolis, SC (Brasil). Representacao Estadual de Santa Catarina
_93887
245 1 _aTeste de concentrados proteicos comerciais para suinos em crescimento e terminacao [Santa Catarina, Brasil]
260 3 _aFlorianopolis, SC (Brasil):
_c1977.
300 _a16 p.
490 _aIndicacao da Pesquisa - Empresa Brasileira de Pesquisa Agropecuaria. Representacao Estadual de Santa Catarina (Brazil)
_vno. 3
_xISSN 0100-4301
500 _a5 tables; 8 ref.
650 _aRACAO
650 _aSUPLEMENTO PROTEICO
650 _aCRESCIMENTO
650 _aSUINO
650 _aSANTA CATARINA
909 _a202312
_bLúcia Elande
_c55
_dLúcia Elande
942 _2AGRIS
_n0
_cMS
999 _c264288
_d264288